000 00680nam a2200241Ia 4500
003 OSt
005 20220925224558.0
006 a|||||r|||| 00| 0
007 ta
008 220923b |||||||| |||| 00| 0 eng d
037 _cGeneral Book
040 _aRTL
_cRTL
_beng
041 _2eng
_aeng
082 _aY12.3124.N6, K6
100 _aWillmott Peter
_9136724
245 0 _aAdolescent boys of East London
260 _aLondon
_bRoutledge and Kegan Paul
_c1966
300 _av, 224p
_ccm.
490 _aInstitute of Community Studies Reports
650 _aYouth
942 _hY12.3124.N6, K6
_cGB
_2CC
999 _c581794
_d581794